Disiz ft. Damso - RENCONTRE - Statistiques

Statistiques générales
  • Ce quiz a été pris 123 fois
  • Le résultat moyen est 169 sur 288
Statistiques - réponses
Réponse % Correct
Ma
99%
ma
99%
à
95%
a
95%
la
95%
95%
je
93%
Je
93%
de
92%
le
92%
Mais
92%
mais
92%
ça
90%
Ca
90%
beuh
87%
en
86%
En
86%
heureux
84%
un
84%
des
83%
les
83%
moi
82%
que
82%
sur
81%
j'suis
80%
Ouais
80%
se
80%
tu
77%
avant
76%
Avant
76%
j'ai
76%
J'ai
76%
pas
76%
au
72%
avec
72%
peu
72%
tout
72%
vie
72%
effrité
71%
te
70%
doigts
69%
ces
67%
j'lui
66%
qui
66%
cunni
65%
du
65%
est
65%
fais
65%
langue
65%
son
65%
Dans
64%
dans
64%
ne
64%
roule
64%
y
63%
fait
61%
tous
61%
Et
60%
et
60%
suis
60%
capital
59%
quand
59%
cannabis
58%
gens
58%
plus
58%
ai
57%
cieux
57%
lesquels
57%
pour
57%
Uber
57%
digital
55%
Disiz
55%
feu
55%
jamais
55%
peureux
55%
deux
54%
ken
54%
mis
54%
quel
54%
toute
54%
autres
53%
cas
53%
j'étais
53%
sa
53%
sont
53%
vas
53%
as
52%
commande
52%
enfer
52%
hess
52%
raconte
52%
Si
52%
besoin
51%
Dinguerie
51%
dinguerie
51%
dire
51%
numérique
51%
quelle
51%
j'te
49%
J'te
49%
mentent
49%
n'est
49%
capitale
48%
connaître
47%
Eats
47%
mieux
47%
disent
46%
Eh
46%
l'enfer
46%
chine
45%
d'escalader
45%
Est-ce
45%
menteurs
45%
Barbelés
43%
Bruxelles
43%
l'paradis
43%
noche
43%
cédé
42%
faute
42%
Peste
42%
semaines
42%
faire
41%
faite
41%
j'atteins
40%
chaud
39%
m'empêcheront
39%
Oh
39%
allumé
37%
bêtises
37%
cagoulé
37%
durer
37%
haineux
37%
c'disque
36%
m'appelle
36%
Mes
36%
veut
36%
Gucci
35%
mort
35%
puis
35%
Puis
35%
Putain
35%
BX
34%
J's'rai
34%
j's'rai
34%
mala
34%
nouveau
34%
soucis
34%
sent
33%
sous
33%
tes
33%
c'est
30%
dépense
30%
font
30%
jusqu'à
30%
pétard
30%
Madeleine
29%
muerte
27%
Musique
27%
aux
25%
congolais
25%
mère
25%
yeux
24%
Hey
23%
abonnés
22%
bleus
22%
ennemis
22%
Dollars
20%
Gros
20%
J'balance
20%
objets
20%
personnels
20%
Audemars
19%
démarre
19%
j'urine
19%
leurs
19%
qu'rammener
19%
ramassent
19%
l'corridor
17%
nan
17%
Salomé
17%
blondasse
16%
l'ton-car
16%
toi
16%
euros
14%
J'défonce
14%
qu'tu
14%
francs
13%
Gue-dro
13%
Fort
12%
d't'façon
11%
t'rejettes
8%
Prinz
6%
ruelle
0%
Aucun quiz correspondant
Distribution des résultats
% des personnes avec chaque résultat
Percentile par nombre de réponses
Votre historique - résultats
Vous n’avez pas pris ce quiz